00782nam a2200169Ia 4500008004100000020001800041082002200059100004300081245014200124250000600266260007300272300001100345650005000356700009300406952009600499999001700595120622s9999 xx 000 0 und d a968-452-593-1 a262.9 G643de 1993 aGonzález Fernández, José Antonio aDerecho eclesiástico mexicano / José Antonio González Fernández, José Francisco Ruiz Massieu, José Luis Soberanes Fernández a2 aMéxico : Porrúa ; UNAM, Instituto de Investigaciones Jurídicas a344 p. a1. DERECHO CANONICO \ 2. DERECHO ECLESIASTICO aRuiz Massieu, José Francisco ; coaut. \ Soberanes Fernández, José Luis ; coaut.Ì 00104070a22b22d2007-01-25l0o262.9 G643DE 1993p01 007636r2024-12-03w2012-06-24yLB c54730d54730